[Event "Unterfranken-ch HB 63th"]
[Site "Schweinfurt"]
[Date "2012.04.14"]
[Round "9"]
[White "Simon, Manuel"]
[Black "Krahn, Heinz"]
[Result "1/2-1/2"]
[WhiteElo "1365"]
[BlackElo "1314"]
[PlyCount "54"]
[EventDate "2012.04.09"]
[EventType "swiss"]
[EventRounds "9"]
[EventCountry "GER"]
[SourceTitle "EXT 2015"]
[Source "ChessBase"]
[SourceDate "2014.11.20"]
[SourceVersion "1"]
[SourceVersionDate "2014.11.20"]
[SourceQuality "1"]

1. e4 e5 2. Nf3 Nf6 3. Nxe5 Qe7 4. Nf3 Nxe4 5. Qe2 d5 6. d3 Nf6 7. d4 Be6 8. Bg5 Qb4+ 9. c3 Qe7 10. Bxf6 Qxf6 11. Qb5+ Nc6 12. Qxb7 Rb8 13. Qxc6+ Kd8 14. b3 Bd6 15. Qa6 Re8 16. Be2 Bc8 17. Qd3 Bf5 18. Qd2 Bg4 19. Kd1 Bf4 20. Qc2 Rb6 21. h3 Bd7 22. Re1 Rbe6 23. Qb2 a6 24. Na3 Qe7 25. c4 Bd6 26. c5 Bf4 27. b4 Ba4+ 1/2-1/2

[Event "Unterfranken-ch Seniors 62th"]
[Site "Gerolzhofen"]
[Date "2011.04.28"]
[Round "5"]
[White "Renner, Guenter"]
[Black "Krahn, Heinz"]
[Result "0-1"]
[WhiteElo "791"]
[BlackElo "1315"]
[PlyCount "40"]
[EventDate "2011.04.25"]
[EventType "tourn"]
[EventRounds "7"]
[EventCountry "GER"]
[SourceTitle "EXT 2015"]
[Source "ChessBase"]
[SourceDate "2014.11.20"]
[SourceVersion "1"]
[SourceVersionDate "2014.11.20"]
[SourceQuality "1"]

1. e4 e5 2. Nf3 Nf6 3. Nc3 Bc5 4. h3 0-0 5. Bc4 d6 6. 0-0 a6 7. a3 Nc6 8. d3 b5 9. Ba2 Bd7 10. Bg5 h6 11. Bxf6 Qxf6 12. Nd5 Qg6 13. Nh4 Qg5 14. Nf5 g6 15. Nxh6+ Kg7 16. Ng4 Rac8 17. Kh1 Rh8 18. f4 Qxg4 19. f5 Rxh3+ 20. gxh3 Qxh3# 0-1

[Event "Unterfranken-ch Seniors 62th"]
[Site "Gerolzhofen"]
[Date "2011.04.26"]
[Round "2"]
[White "Hantelmann, Rolf"]
[Black "Krahn, Heinz"]
[Result "0-1"]
[WhiteElo "828"]
[BlackElo "1315"]
[PlyCount "56"]
[EventDate "2011.04.25"]
[EventType "tourn"]
[EventRounds "7"]
[EventCountry "GER"]
[SourceTitle "EXT 2015"]
[Source "ChessBase"]
[SourceDate "2014.11.20"]
[SourceVersion "1"]
[SourceVersionDate "2014.11.20"]
[SourceQuality "1"]

1. e4 e5 2. Nf3 Nf6 3. Nc3 Nc6 4. Bc4 Bc5 5. 0-0 0-0 6. d3 d6 7. a3 Bg4 8. h3 Bxf3 9. Qxf3 Nd4 10. Qd1 a6 11. b4 Ba7 12. Be3 c6 13. Qd2 b5 14. Bb3 Nxb3 15. cxb3 d5 16. d4 exd4 17. Bxd4 dxe4 18. Rad1 Qc7 19. Qg5 h6 20. Qe3 Bb8 21. g3 Nh7 22. Kg2 f5 23. Rd2 Ng5 24. Bc5 f4 25. Bxf8 fxe3 26. Re2 Qc8 27. Bc5 Qxh3+ 28. Kg1 Nf3# 0-1

[Event "Unterfranken-ch HT 61th"]
[Site "Kitzingen"]
[Date "2010.04.09"]
[Round "7"]
[White "Blum, Gregor"]
[Black "Krahn, Heinz"]
[Result "0-1"]
[WhiteElo "994"]
[BlackElo "1296"]
[PlyCount "40"]
[EventDate "2010.04.05"]
[EventType "swiss"]
[EventRounds "9"]
[EventCountry "GER"]
[SourceTitle "EXT 2015"]
[Source "ChessBase"]
[SourceDate "2014.11.20"]
[SourceVersion "1"]
[SourceVersionDate "2014.11.20"]
[SourceQuality "1"]

1. e4 e5 2. f4 Qh4+ 3. Ke2 Qxf4 4. d3 Qg4+ 5. Nf3 Nc6 6. h3 Qh5 7. Ke1 d6 8. Nc3 Be6 9. Bg5 h6 10. Bh4 g5 11. Bg3 g4 12. Ng1 Qg5 13. Be2 gxh3 14. Bf2 hxg2 15. Rh5 Qg6 16. Nb5 0-0-0 17. c4 a6 18. Bh4 Be7 19. d4 Bxh4+ 20. Rxh4 Qg3+ 0-1

[Event "Unterfranken-ch HT 61th"]
[Site "Kitzingen"]
[Date "2010.04.07"]
[Round "4"]
[White "Krahn, Heinz"]
[Black "Gessner, Alec"]
[Result "1-0"]
[WhiteElo "1296"]
[BlackElo "1106"]
[PlyCount "101"]
[EventDate "2010.04.05"]
[EventType "swiss"]
[EventRounds "9"]
[EventCountry "GER"]
[SourceTitle "EXT 2015"]
[Source "ChessBase"]
[SourceDate "2014.11.20"]
[SourceVersion "1"]
[SourceVersionDate "2014.11.20"]
[SourceQuality "1"]

1. c4 e6 2. Nc3 d5 3. d4 Nf6 4. c5 Nc6 5. Bf4 a6 6. e3 g6 7. Nf3 Bg7 8. Bd3 0-0 9. 0-0 Nh5 10. Bg3 Re8 11. Be2 Nxg3 12. fxg3 e5 13. dxe5 Be6 14. Qc1 Nxe5 15. Rd1 c6 16. e4 Re7 17. exd5 cxd5 18. Bf1 Rd7 19. Nd4 Nc6 20. Nxe6 fxe6 21. Qf4 Qe7 22. Na4 Rf8 23. Qg4 d4 24. Bc4 Rf6 25. Re1 Nd8 26. Nb6 Rc7 27. Nd5 exd5 28. Rxe7 Rxe7 29. Bxd5+ Kh8 30. Bf3 Rf5 31. Rd1 Rd7 32. h3 Nf7 33. Be4 Nh6 34. Qe2 Re5 35. Qd3 Rxc5 36. g4 Nf7 37. Qf3 Ng5 38. Qg3 Be5 39. Qe1 Nxe4 40. Qxe4 Kg7 41. Qd3 Kf6 42. h4 Ke6 43. Rf1 Ra5 44. Qb3+ Ke7 45. Qb4+ Ke6 46. Qxa5 d3 47. Rd1 Bf4 48. Qb6+ Rd6 49. Qxb7 d2 50. Qe4+ Be5 51. Qe2 1-0

[Event "Unterfranken-ch HB 59th"]
[Site "Rieneck"]
[Date "2008.03.29"]
[Round "9"]
[White "Krahn, Heinz"]
[Black "Bechold, Martin"]
[Result "1/2-1/2"]
[WhiteElo "1380"]
[BlackElo "1550"]
[PlyCount "21"]
[EventDate "2008.03.24"]
[EventType "swiss"]
[EventRounds "9"]
[EventCountry "GER"]
[SourceTitle "EXT 2015"]
[Source "ChessBase"]
[SourceDate "2014.11.20"]
[SourceVersion "1"]
[SourceVersionDate "2014.11.20"]
[SourceQuality "1"]

1. e4 e5 2. Bc4 Bc5 3. Nc3 Nf6 4. d3 d6 5. Bg5 Be6 6. Qf3 Nbd7 7. 0-0-0 c6 8. Nge2 b5 9. Bxe6 fxe6 10. d4 exd4 11. Nxd4 1/2-1/2

[Event "Unterfranken-ch HB 59th"]
[Site "Rieneck"]
[Date "2008.03.25"]
[Round "2"]
[White "Schilling, Frank"]
[Black "Krahn, Heinz"]
[Result "1-0"]
[WhiteElo "1821"]
[BlackElo "1380"]
[PlyCount "65"]
[EventDate "2008.03.24"]
[EventType "swiss"]
[EventRounds "9"]
[EventCountry "GER"]
[SourceTitle "EXT 2015"]
[Source "ChessBase"]
[SourceDate "2014.11.20"]
[SourceVersion "1"]
[SourceVersionDate "2014.11.20"]
[SourceQuality "1"]

1. e4 e5 2. Nf3 Nc6 3. d4 exd4 4. Nxd4 Bc5 5. Be3 Qh4 6. Nc3 Bb4 7. Be2 Bxc3+ 8. bxc3 Qxe4 9. 0-0 Nge7 10. Nb5 0-0 11. Nxc7 Rb8 12. Nb5 Nf5 13. Bc5 Re8 14. Bd3 Qe5 15. Ba3 d5 16. Bxf5 Bxf5 17. Bd6 Qe4 18. Bxb8 Qa4 19. Nd6 Bxc2 20. Qxd5 Rxb8 21. Qxf7+ Kh8 22. Rae1 Bg6 23. Qc7 Qg4 24. Re3 h6 25. Rg3 Qe6 26. Re3 Qxa2 27. c4 Rf8 28. Qxb7 Nd4 29. Re7 Bd3 30. Rxg7 Ne6 31. Rg3 Bxf1 32. Nf7+ Kh7 33. Qe4# 1-0